Countries with the Most Mass Shootings - Statistics

General Stats
  • This quiz has been taken 86 times
  • The average score is 11 of 16
Answer Stats
# of incidents Answer % Correct
109 USA
100%
4 Canada
89%
5 Germany
88%
2 UK
88%
6 France
83%
2 Italy
74%
1 Australia
73%
1 New Zealand
64%
1 Norway
58%
2 Netherlands
55%
2 Austria
53%
3 Finland
51%
1 Belgium
49%
2 Czech Republic
49%
2 Switzerland
49%
1 Slovakia
35%
No matching quizzes found
Score Distribution
Percent of People with Each Score
Percentile by Number Answered
Your Score History
You have not taken this quiz